000 00331nam a2200145Ia 4500
005 20251222153525.0
008 251222s9999||||xx |||||||||||||| ||spa||
020 _a844049453X
082 _a600/A42
100 _aAliaga, A.
245 0 _aAtlas Dermatológico:
250 _a1ra.ed.
264 _bLaboratorio, S.A.
942 _cLIB
999 _c29873
_d29873